000 00596nam a22001937a 4500
999 _c330546
_d330546
003 Nust
005 20170719161307.0
008 170117b xxu||||| |||| 00| 0 eng d
020 _a9789350140123
040 _cc
082 _a621.31042 GUP
100 _aGupta, J.B.
_93449
245 _aElectromechanical Energy Conversion /
_cJ.B. Gupta
260 _aNew Dehli:
_bS.K. Kataria;
_c2010.
300 _a453p. ;
_c24 cm.
500 _apaperback.
942 _cBK
_2ddc
_kIESE